000 00627nam a22002297a 4500
003 UA-OsUOA
001 34105
007 ta
008 20050922b un ||||| |||| 00| 0 ukr d
100 _aСмілянська В. Л.
090 _a82.09(477)
_bС50
942 _cBK
040 _aUA-OsUOA
_bukr
_cUA-OsUOA
_dUA-OsUOA
245 _aБібліографічна Шевченкіана
300 _a223 с.
955 _a2
041 _aukr
080 _a82.09(477)
260 _aК.
_bНаукова думка
_c1984
650 7 _a82 Література. Літературознавство
_2UDC
999 _c320538
_d320538